Ars vivendi alebo Umenie žiť medzi Sókratom a Foucaultom /

Salvato in:
Dettagli Bibliografici
Autore principale: Suvák, Vladislav (Autore)
Natura: Libro
Lingua:slovacco
Pubblicazione: Bratislava : Vydavateľstvo Spolku slovenských spisovateľov, spol. s.r.o., 2020
Edizione:1. vydanie
Soggetti:
Tags: Aggiungi Tag
Nessun Tag, puoi essere il primo ad aggiungerne!!

MARC

LEADER 00000nam a22000003a 4500
001 0089512
003 SK-STU
005 20210715103740.8
007 ta
008 210715s ----xo-----e------000-0-----d
020 |a 978-80-8202-122-9 
040 |a STU  |b slo 
041 0 |a slo 
044 |a xo 
100 1 |a Suvák, Vladislav  |4 aut 
245 1 0 |a Ars vivendi alebo Umenie žiť medzi Sókratom a Foucaultom /  |c aut. Vladislav Suvák 
250 |a 1. vydanie 
260 |a Bratislava :  |b Vydavateľstvo Spolku slovenských spisovateľov, spol. s.r.o.,  |c 2020 
300 |a 352 s. 
650 0 7 |a filozofia 
650 0 7 |a život človeka 
650 0 7 |a úvahy filozofické 
650 0 7 |a dejiny filozofie 
996 |b 284AU08842  |c A* 12122/U  |l AAKNST  |s P  |a 0  |w 0089512_0001 
996 |b 284AU08843  |c A* 12123/U  |l AAKNAR  |s A  |a 24  |w 0089512_0002